000 00266nam a2200097Ia 4500
082 _aLP EF HOLM
245 0 _aDesert rails
100 _a HOLMES, L P Bath, 2003 Large print [unabridged] ed
_992967
942 _cBK
008 210817s9999 xx 000 0 und d
999 _c379531
_d379530